| 000 | 00823nam a22002297a 4500 | ||
|---|---|---|---|
| 005 | 20230301122134.0 | ||
| 008 | 230301b sp ||||| |||| 00| 0 spa d | ||
| 020 |
_a 8446011840 _c |
||
| 050 | 0 | 4 |
_aHN13 _bA77 1999 |
| 100 | _aArrighi, Giovanni | ||
| 245 |
_aMovimientos antisistémicos / _cGiovanni Arrighi, Terence K. Hopkins y Immanuel Wallerstein ; traductor Carlos Prieto del Campo |
||
| 250 | _a1a ed. | ||
| 260 |
_aMadrid ; _bAkal, _c1999 |
||
| 300 |
_a125 p. ; _c 24 cm |
||
| 440 |
_aCuestiones de antagonismo ; _n No.1 |
||
| 500 | _a# 628 Donacion: Juan Alvarez Cienfuegos 25/ FEB./2020 | ||
| 650 |
_aCapitalismo _xHistoria social _xLucha de clases |
||
| 651 | _aMovimientos sociales | ||
| 700 |
_aPrieto del Campo, Carlos _etr. |
||
| 710 |
_aWallerstein, Immanuel _ecol. |
||
| 942 |
_2lcc _cLIB |
||
| 999 |
_c166398 _d166396 |
||